Cliquez pour traduire - Latin - Statistiques

Statistiques générales
  • Ce quiz a été pris 118 fois
  • Le résultat moyen est 16 sur 20
Statistiques - réponses
Hint Réponse % Correct
Eau Aqua
96%
Avarice Avarus
96%
Vérité Veritas
93%
Loup Lupus
92%
Cent Centum
91%
Mer Mare
91%
Croire Credo
89%
Pays Patria
89%
Quoi Quid
89%
Reine Regina
89%
Maison Domus
87%
Mère Mater
85%
Professeur Magister
83%
Penser Cogita
80%
Toujours Semper
79%
Chat Feles
75%
Au-dessus Supra
75%
Ceci Hoc
62%
Bleu Caeruleum
51%
Par conséquent Ergo
39%
Aucun quiz correspondant
Distribution des résultats
% des personnes avec chaque résultat
Percentile par nombre de réponses
Votre historique - résultats
Vous n’avez pas pris ce quiz